Nacarino (Record no. 176760)

MARC details
000 -LEADER
campo de control de longitud fija 00909nam a22002295i 4500
001 - NÚMERO DE CONTROL
campo de control 176760
003 - IDENTIFICADOR DE NÚMERO DE CONTROL
campo de control ES-MaACL
005 - FECHA Y HORA DE LA ÚLTIMA TRANSACCIÓN
campo de control 20230906220156.0
008 - DATOS DE LONGITUD FIJA--INFORMACIÓN GENERAL
campo de control de longitud fija 110208s2007 sp o |||| | spa d
020 ## - NÚMERO INTERNACIONAL ESTÁNDAR DEL LIBRO
Número Internacional Estándar del Libro 84-932153-1-7
080 ## - NÚMERO DE LA CLASIFICACIÓN DECIMAL UNIVERSAL
Número de la Clasificación Decimal Universal 929 Nacarino Moreno, Fernando
080 ## - NÚMERO DE LA CLASIFICACIÓN DECIMAL UNIVERSAL
Número de la Clasificación Decimal Universal 343.81(460)"1939/1975"
080 ## - NÚMERO DE LA CLASIFICACIÓN DECIMAL UNIVERSAL
Número de la Clasificación Decimal Universal 94(460)"1936/1939"(093.3)
100 1# - ENTRADA PRINCIPAL--NOMBRE DE PERSONA
Nombre de persona Brihuega Moreno, Urbano.
9 (RLIN) 144994
245 10 - MENCIÓN DEL TÍTULO
Título Nacarino
Resto del título : (historias de la guerra, de las cárceles, de Alcalá...) /
Mención de responsabilidad, etc. Urbano Brihuega Moreno.
260 ## - PUBLICACIÓN, DISTRIBUCIÓN, ETC.
Lugar de publicación, distribución, etc. [s. l. ] :
Nombre del editor, distribuidor, etc. Urbano Brihuega Moreno,
Fecha de publicación, distribución, etc. 2007 (
Lugar de fabricación/manufactura [Alcalá de Henares] :
Fabricante Manuel Ballesteros Industrias Gráf.)
300 ## - DESCRIPCIÓN FÍSICA
Extensión 345 p. :
Otras características físicas fot. bl. y n. ;
Dimensiones 24 cm.
600 14 - PUNTO DE ACCESO ADICIONAL DE MATERIA--NOMBRE DE PERSONA
Nombre de persona Nacarino Moreno, Fernando.
9 (RLIN) 145082
650 #4 - PUNTO DE ACCESO ADICIONAL DE MATERIA--TÉRMINO DE MATERIA
Término de materia o nombre geográfico como elemento de entrada Establecimientos penitenciarios-
Subdivisión geográfica España-
Subdivisión cronológica 1939-1975.
9 (RLIN) 12515
651 #4 - PUNTO DE ACCESO ADICIONAL DE MATERIA--NOMBRE GEOGRÁFICO
Nombre geográfico España-
Subdivisión general Historia-
Subdivisión cronológica 1936-1939, Guerra civil.
9 (RLIN) 8292
852 ## - LOCALIZACIÓN
Ubicación ES-MaACL
Número de control de estantería E-14220
Holdings
Estatus retirado Estado de pérdida Estado de daño No para préstamo Biblioteca de origen Biblioteca actual Ubicación en estantería Fecha de adquisición Fuente de adquisición Total de préstamos Signatura topográfica completa Código de barras Visto por última vez Precio de reemplazo Tipo de ítem Koha
        Biblioteca del Ateneo de Madrid Biblioteca del Ateneo de Madrid Depósito 2 08/02/2011     E-14220 1185652 23/02/2023 23/02/2023 Libro impreso